书目信息 |
| 题名: |
每一张照片,都是一句我爱你
|
|
| 作者: | 贾树森 , 马瑞 编著 | |
| 分册: | ||
| 出版信息: | 北京 北京大学出版社 2016 |
|
| 页数: | 307页 | |
| 开本: | 21cm | |
| 丛书名: | ||
| 单 册: | ||
| 中图分类: | J423 | |
| 科图分类: | ||
| 主题词: | 儿童--er tong--人像摄影--摄影集--中国--现代 | |
| 电子资源: | ||
| ISBN: | 978-7-301-27700-3 | |
| 000 | 00805nam0 22002411 450 | |
| 001 | 0102164847 | |
| 005 | 20170502164847.0 | |
| 010 | @a978-7-301-27700-3@dCNY59.00 | |
| 100 | @a20170301d2016 em y0chiy50 ea | |
| 101 | 0 | @achi |
| 102 | @aCN@b110000 | |
| 105 | @aa z 000yy | |
| 106 | @ar | |
| 200 | 1 | @a每一张照片,都是一句我爱你@9mei yi zhang zhao pian du shi yi ju wo ai ni@e有温度的纪实儿童摄影攻略@f贾树森,马瑞编著 |
| 210 | @a北京@c北京大学出版社@d2016 | |
| 215 | @a307页@d21cm | |
| 517 | 1 | @a有温度的纪实儿童摄影攻略@9you wen du de ji shi er tong she ying gong lue |
| 606 | 0 | @a儿童@9er tong@x人像摄影@x摄影集@y中国@z现代 |
| 690 | @aJ423@v5 | |
| 701 | 0 | @a贾树森@9jia shu sen@4编著 |
| 701 | 0 | @a马瑞@9ma rui@4编著 |
| 801 | 0 | @aCN@b百万庄@c20170308 |
| 905 | @b1001860-5@dJ423@e360@f6 | |
| 每一张照片,都是一句我爱你:有温度的纪实儿童摄影攻略/贾树森,马瑞编著 .-北京:北京大学出版社,2016 |
| 307页;21cm |
| ISBN 978-7-301-27700-3:CNY59.00 |
| ● |
| 相关链接 |
|
|
|
|
正题名:每一张照片,都是一句我爱你
索取号:J423/360
 
预约/预借
| 序号 | 登录号 | 条形码 | 馆藏地/架位号 | 状态 | 备注 |
| 1 | 1001860 | 210018602 | 第一样本阅览室/ [索取号:J423/360] | 在馆 | |
| 2 | 1001861 | 210018611 | 教育系资料室/ [索取号:J423/360] | 在馆 | |
| 3 | 1001862 | 210018620 | 教育系资料室/ [索取号:J423/360] | 在馆 | |
| 4 | 1001863 | 210018639 | 教育系资料室/ [索取号:J423/360] | 在馆 | |
| 5 | 1001864 | 210018648 | 第一借阅区/ [索取号:J423/360] | 在馆 | |
| 6 | 1001865 | 210018657 | 第一借阅区/ [索取号:J423/360] | 在馆 |